000 00320nam a2200133Ia 4500
005 20251222143108.0
008 251222s9999||||xx |||||||||||||| ||spa||
020 _a84-9743-110-3
082 _a372.7/C29
100 _aCarbó, Liliana
245 0 _aEl Mundo a través de los Números
264 _bMilenio
942 _cLIB
999 _c11069
_d11069